| Tag |
First Indicator |
Second Indicator |
Subfields |
| LEADER |
00000pam a2200000 i 4500 |
| 001 |
in00000336277 |
| 005 |
20151011055054.0 |
| 008 |
761013r19761851nyua j b 00011 eng |
| 010 |
|
|
|a 75032165
|
| 020 |
|
|
|a 0824022785 :
|c $27.00
|
| 035 |
|
|
|a (OCoLC)02854208
|
| 035 |
|
|
|9 ABM2101AM
|
| 040 |
|
|
|a DLC
|c DLC
|d TXA
|d UtOrBLW
|
| 049 |
|
|
|a TXAM
|c [1554068]
|
| 050 |
0 |
0 |
|a PZ6.R85
|b Ki4
|
| 082 |
0 |
|
|a [Fic]
|
| 100 |
1 |
|
|a Ruskin, John,
|d 1819-1900.
|
| 245 |
1 |
4 |
|a The king of the Golden River /
|c John Ruskin. "A holiday romance" / Charles Dickens. Petsetilla's posy / Tom Hood ; with a pref. for the Garland ed. by Diane Johnson.
|
| 264 |
|
1 |
|a New York :
|b Garland Pub.,
|c 1976.
|
| 300 |
|
|
|a 247 pages in various pagings :
|b illustrations ;
|c 23 cm.
|
| 336 |
|
|
|a text
|b txt
|2 rdacontent
|
| 337 |
|
|
|a unmediated
|b n
|2 rdamedia
|
| 338 |
|
|
|a volume
|b nc
|2 rdacarrier
|
| 490 |
1 |
|
|a Classics of children's literature, 1621-1932
|
| 500 |
|
|
|a Reprint of 3 works each published separately: The king of the Golden River, by J. Ruskin, published in 1851 by Smith, Elder, London; Holiday romance, by C. Dickens, published in 1868 by Ticknor and Fields, Boston; Petsetilla's posy, by T. Hood, published in 1870 by Routledge, London.
|
| 504 |
|
|
|a Includes bibliographies.
|
| 520 |
|
|
|a Victorian fairy tales whose protagonists possess all the virtues valued at the time and are rewarded for their goodness.
|
| 650 |
|
0 |
|a Fairy tales.
|
| 650 |
|
1 |
|a Fairy tales.
|
| 700 |
1 |
2 |
|a Dickens, Charles,
|d 1812-1870.
|t Holiday romance. 1976.
|
| 700 |
1 |
2 |
|a Hood, Tom,
|d 1835-1874.
|t Petsetilla's posy. 1976.
|
| 830 |
|
0 |
|a Classics of children's literature, 1621-1932.
|
| 999 |
|
|
|a MARS
|
| 999 |
f |
f |
|s 9cfbf52d-6128-3005-9e7a-33a440d41d5c
|i 551798fb-9af9-3a20-8cdd-c57b9c68303d
|t 0
|
| 952 |
f |
f |
|p normal
|a Texas A&M University
|b College Station
|c Sterling C. Evans Library
|d Evans: Library Stacks
|t 0
|e PZ6.R85 Ki4
|h Library of Congress classification
|i unmediated -- volume
|m A14804342176
|
| 998 |
f |
f |
|a PZ6.R85 Ki4
|t 0
|l Evans: Library Stacks
|